Statistics for Wouldn't It Be Nice - The Beach Boys Lyrics Quiz

Click here to take the quiz!

General Stats

  • This quiz has been taken 35 times
  • The average score is 120 of 184

Answer Stats

Lyrics % Correct
Wouldn't
100%
wouldn't
100%
I
100%
We
100%
to
100%
nice?
100%
be
100%
we
100%
nice
100%
if
97%
It
97%
it
97%
where
94%
have
94%
the
94%
were
90%
Then
90%
so
90%
then
90%
a
90%
and
87%
And
87%
older
84%
wait
77%
long?
77%
together
77%
live
74%
In
71%
could
71%
night
61%
of
58%
belong?
58%
make
58%
happy
52%
Happy
52%
world
52%
when
52%
can
52%
When
52%
about
48%
You
48%
oh
48%
do
48%
talk
48%
stay
48%
Oh
48%
say
48%
wake
48%
up
48%
is
45%
that
45%
kind
45%
day
45%
whole
42%
better
42%
time
42%
other
42%
Good
42%
morning
42%
each
42%
know
42%
Hold
42%
through?
42%
But
39%
without
39%
let's
39%
come
39%
makes
39%
close
39%
wish
39%
spending
35%
never
35%
we'd
35%
there
35%
every
35%
Baby
35%
true
35%
only
35%
was
35%
baby
35%
new?
32%
much
32%
it's
32%
more
32%
Sleep
32%
married
32%
ending
32%
tight
32%
kiss
32%
been
29%
think
29%
hope
29%
pray
29%
goodnight
29%
might
29%
worse
29%
after
29%
spent
26%
Maybe
26%
having
23%
gonna
23%
seems
23%
we've
23%
couldn't
23%
single
19%
thing
16%

Score Distribution

Percentile by Number Answered

Percent of People with Each Score

Your Score History

You have not taken this quiz